| 000 | 01287cam a2200349 i 4500 | ||
|---|---|---|---|
| 001 | 16854976 | ||
| 003 | EG-ScBUE | ||
| 005 | 20240919101302.0 | ||
| 008 | 110627t2011 fr ab f b 000 0 fre d | ||
| 020 | _a9782863641996 | ||
| 035 | _a(FrPJT)JTL00295860 | ||
| 040 |
_aDLC _beng _erda _cDLC _dEG-ScBUE |
||
| 043 | _af-ua--- | ||
| 082 | 0 | 4 |
_222 _a728.309621 _bANN |
| 100 | 1 |
_aAnnaloro, Milena, _eauthor. |
|
| 245 | 1 | 0 |
_aAlexandrie : _bune architecture ottomane / _cMilena Annaloro, Guirémi Lange ; postface de Jean-Charles Depaule. |
| 264 | 1 |
_aMarseille : _bÉditions Parenthèses, _c[2011] |
|
| 264 | 4 | _cc2011 | |
| 300 |
_a140 pages : _billustrations (chiefly color), maps ; _c28 cm |
||
| 336 |
_2rdacontent _atext _btxt |
||
| 337 |
_2rdamedia _aunmediated _bn |
||
| 338 |
_2rdacarrier _avolume _bnc |
||
| 504 | _aIncludes bibliographical references. | ||
| 650 | 7 |
_aArchitecture, Domestic _zEgypt _zAlexandria _vPictorial works. _2BUEsh |
|
| 650 | 7 |
_aArchitecture, Ottoman _zEgypt _zAlexandria _vPictorial works. _2BUEsh |
|
| 655 | _vReading book | ||
| 700 | 1 |
_aLange, Guirémi, _eauthor. |
|
| 700 | 1 |
_aDepaule, Jean-Charles, _econtributer. |
|
| 906 |
_a7 _bcbc _corigres _d3 _encip _f20 _gy-gencatlg |
||
| 942 |
_2ddc _cBB |
||
| 999 |
_c30819 _d30790 |
||